Haryana: households and household population by language mainly spoken in the household (Record no. 482660)

000 -LEADER
fixed length control field 00448cam a22001217a 4500
008 - FIXED-LENGTH DATA ELEMENTS--GENERAL INFORMATION
fixed length control field 180718bn.d. xxu||||| |||| 00| 0 eng d
082 ## - DEWEY DECIMAL CLASSIFICATION NUMBER
Classification number A81x54 In2/81/6/Pap1/1987
100 ## - MAIN ENTRY--PERSONAL NAME
Personal name Census of India 1981
245 ## - TITLE STATEMENT
Title Haryana: households and household population by language mainly spoken in the household
260 ## - PUBLICATION, DISTRIBUTION, ETC.
Place of publication, distribution, etc. Delhi
Name of publisher, distributor, etc. The Controller of Publications
Date of publication, distribution, etc. n.d.
300 ## - PHYSICAL DESCRIPTION
Extent 135+p.
440 ## - SERIES STATEMENT/ADDED ENTRY--TITLE
Title Census of India 1981. Series-6, Haryana. Paper 1 of 1987
Holdings
Withdrawn status Lost status Damaged status Not for loan Permanent Location Current Location Date acquired Full call number Barcode Date last seen Price effective from Koha item type
        Indian Institute of Public Administration Indian Institute of Public Administration 2018-08-04 A81x54 In2/81/6/Pap1/1987 GG20753 2018-08-04 2018-08-04 GG

Powered by Koha